000 00220 a2200109 4500
020 _a9780545646154
041 _aspa
100 _aArnold, Tedd
245 _aHay un hombre mosca en mi sopa
942 _cBK
952 _74
999 _c19819
_d19819